00497 a2200181 450000100060000002000180000604000240002410000160004824000340006424500290009830000070012736200090013444000130014365000310015694200070018795201040019499900170029846469 a9788574097640 cAnchieta - Aquarius aLima, Assis10aBandeira de São Joãolpor10aBandeira de São João a400 a1996 1aBagaço 4aLiteratura infanto-juvenil cBK 00104070a87.1b87.1d2023-11-21l0o028.5 BRI BANp4326/AQUr2023-11-21 15:13:00w2023-11-21yBK c46469d46469